| 000 | 00625nam a22001937a 4500 | ||
|---|---|---|---|
| 999 |
_c15180 _d15180 |
||
| 003 | AR-CdUCM | ||
| 008 | 190426b ||||| |||| 00| 0 spa d | ||
| 020 | _a978-968-16-3766-8 | ||
| 040 |
_aMUNICIPALIDAD PROVINCIAL DEL CUSCO _cBIBLIOTECA MUNICIPAL DEL CUSCO |
||
| 082 |
_aPI / 813 / _bS86 |
||
| 100 |
_aStoll Walsh, Ellen _934210 |
||
| 245 | _aCuenta ratones / | ||
| 260 |
_aMéxico : _bFondo de cultura económica, _c2010. |
||
| 300 |
_a27 páginas ; _bIlustraciones, _c19 cm. |
||
| 650 |
_aLiteratura infantil _9588 |
||
| 700 |
_aCabello, Gerardo (traducción) _934211 |
||
| 942 |
_2ddc _cLIBROS |
||
| 945 |
_aacv _d2019-04-26 |
||